Ochrana hospodárskej súťaže - globálna hospodárska kríza II. zborník vedeckých prác

Salvato in:
Dettagli Bibliografici
Ente Autore: Ekonomická univerzita v Bratislave
Altri autori: Matušovič, Martin, Mišík, Vladimír, Kovalev, Andrej
Natura: Libro
Lingua:slovacco
Pubblicazione: Šoporňa Ľuboš Janica 2011
Soggetti:
Tags: Aggiungi Tag
Nessun Tag, puoi essere il primo ad aggiungerne!!

MARC

LEADER 00000nlm$a2200000$$$4500
001 0146863
005 20240502072643.4
020 |a 978-80-970622-1-7 
041 0 |a slo 
044 |a SK 
245 1 0 |a Ochrana hospodárskej súťaže - globálna hospodárska kríza II.  |b zborník vedeckých prác  |c Darina Zwiebová a kolektív ; zostavil Martin Matušovič 
264 1 |a Šoporňa  |b Ľuboš Janica  |c 2011 
300 |a CD-ROM [178 s.] 
610 2 0 |a súťaž hospodárska 
610 2 0 |a kríza hospodárska 
610 2 0 |a kríza finančná 
610 2 0 |a konkurencieschopnosť 
610 2 0 |a súťaž nekalá 
610 2 0 |a riadenie rizík 
610 2 0 |a tvorba cien 
610 2 0 |a globalizácia hospodárstva 
610 2 0 |a príjmy obyvateľstva 
700 1 |a Matušovič, Martin 
700 1 |a Mišík, Vladimír 
700 1 |a Kovalev, Andrej 
710 2 |a Ekonomická univerzita v Bratislave